00831 2200229 4500001002100000005001700021008004100038035002400079082001100103090002200114100001600136245021400152260002800366300003000394500008400424500003000508650002400538850000900562985000600571986000900577999001500586YOGYA-0209000007229120090227093619.0 ind  0010-020900000072291 a338.16 a338.16bEko SlSK aEKO PRAMONO aStudy komperatif tingkat penerapan panea usaha pada petani yang menggunakan modal luar(Kredi Usaha Tani) dengan modal sendiidri ditinjau dari produksi dan pendapatan pada usaha tani kedelai..coleh Eko Pramono aYogyakartab[s.n]c1993 a111[36]lembarbilusc29cm aSkripsi Fakultas Pertanian Universitas Pembangunan nasional "Veteran"Yogyakarta aBibliografi;lembar110-111 aUsaha tani -Kedelai aBPAD a1 aheru a08A0036150